| 000 | 00773nam a2200253 a 4500 | ||
|---|---|---|---|
| 001 | 76964 | ||
| 003 | BD-RjUL | ||
| 005 | 20211209082917.0 | ||
| 008 | 810225s1954 nyu 100 0 eng | ||
| 035 | _a(BD-RjUL)77188 | ||
| 040 |
_aDLC _cCarP _dDLC _dBD-RjUL _beng |
||
| 041 | _aeng | ||
| 043 | _an-us--- | ||
| 082 |
_a813.5 _bAME 1954 |
||
| 245 | 1 | 0 |
_aAmerican accent / _c with a foreword by Theodore Morrison ; edited by Elisabeth Abell. |
| 260 |
_aNew York : _bBallantine Books, _c1954. |
||
| 300 |
_a193 p. ; _c17 cm. |
||
| 650 | 0 |
_aShort stories, American. _9239124 |
|
| 700 |
_aAbell, Elizabeth, _d1906- _9239127 |
||
| 710 | 2 |
_aBread Loaf Writers' Conference of Middlebury College. _9239126 |
|
| 942 |
_2ddc _cBK |
||
| 999 |
_c76964 _d76964 |
||